00451nam a2200121Ia 4500008004100000020001800041050002900059100001600088245013300104260004700237300002300284520002200307150610s9999 xx 000 0 und d a9789719367123 aBJ1470b .Sa55s 2007   aSanchez, Bo a8 secrets of the truly rich :bhow you can create material wealth and gain spiritual abundance at the same time /cBo Sanchez. aQuezon City : bShepherd's Voice,c2007. a211pages ;c22 cm. aSelf-realization.